Primera Convención de la Juventud Conservadora: Celebrada en Santiago del 1§ al 5 de enero de 1913
-д хадгалсан:
| Байгууллагын зохиогч: | |
|---|---|
| Формат: | Ном |
| Хэл сонгох: | испани |
| Хэвлэсэн: |
Santiago
La Ilustración
1913
|
| Хэвлэл: | 1a. ed |
| Нөхцлүүд: | |
| Шошгууд: |
Шошго нэмэх
Шошго байхгүй, Энэхүү баримтыг шошголох эхний хүн болох!
|
MARC
| LEADER | 00000nam a2200000 a 4500 | ||
|---|---|---|---|
| 001 | UCJ5273 | ||
| 003 | CL-VaPUC | ||
| 008 | 070124e19130000CL |||||||||||||||||spa|d | ||
| 082 | 0 | 4 | |a 983 |b PAR |2 21 |
| 110 | 2 | |a Partido Conservador |e author |9 510292 | |
| 245 | 1 | 0 | |a Primera Convención de la Juventud Conservadora: Celebrada en Santiago del 1§ al 5 de enero de 1913 |
| 250 | |a 1a. ed | ||
| 300 | |a 275 p | ||
| 942 | |c BK | ||
| 945 | |d 20070124 00:00:00 |a rinostro | ||
| 260 | |a Santiago |b La Ilustración |c 1913 | ||
| 500 | |a Empastado con otras monografías en un volumen rotulado Actividades del Partido Conservador; ubicado en 983 BAR | ||
| 600 | 0 | 7 | |a PARTIDO CONSERVADOR |2 CL-VaPUC |9 436808 |
| 650 | 0 | |a Partidos políticos |9 254999 | |
| 650 | 7 | |a DOCUMENTOS |2 CL-VaPUC |9 366450 | |
| 650 | 0 | |a Historia de Chile |9 265473 | |
| 583 | |a last modification |c 20070124 00:00:00 |k Rodrigo Vera | ||
| 999 | |c 321383 |d 321381 | ||
| 952 | |0 0 |1 0 |4 0 |6 983_000000000000000_PAR_1913 |7 0 |8 X |9 400107 |a FDOBUD |b FDOBUD |d 2019-11-22 |i 1032283 |o 983 PAR 1913 |p 1032283 |r 2019-11-22 |w 2019-11-22 |y BK_X |k BUD | ||